| 000 | 00650nam a2200241 a 4500 | ||
|---|---|---|---|
| 001 | 22755 | ||
| 003 | SK-KTurca | ||
| 005 | 20260422164725.0 | ||
| 008 | 190306s1988 xo 000 0 slo | ||
| 035 | _aSVKPOKN048755 | ||
| 040 |
_aSVKPOKN _bslo _cSVKPOKN _dSVKPO _eAACR2 |
||
| 041 | 0 | _aslo | |
| 044 |
_axo _cSK |
||
| 080 | _a838.7-3=854 | ||
| 100 | 1 |
_aBlom, K. Arne, _d1946-2021 |
|
| 245 | 1 | 0 |
_aProtiúder ; Východisko _cK. Arne Blom |
| 250 | _a1. vyd. | ||
| 260 |
_aBratislava _bTatran _c1988 |
||
| 300 | _a361 s. | ||
| 655 | 7 |
_aumelecká literatúra _2svkpo |
|
| 942 |
_2ddc _cKLDO _n0 |
||
| 999 |
_c22755 _d22755 |
||